|
|
|
|
| LEADER |
00000cam a2200000 4500 |
| 001 |
vtls012264543 |
| 003 |
SK-MaSNL |
| 005 |
20260301232040.0 |
| 008 |
241001s2024 xo g hn 000 1dslo |
| 015 |
|
|
|a SNBA2024/12
|
| 020 |
|
|
|a 9788082022516
|q (viazané)
|
| 040 |
|
|
|a SNK
|b slo
|c SNK
|e rda
|
| 041 |
1 |
|
|a slo
|h fre
|
| 043 |
|
|
|a e-fr---
|
| 044 |
|
|
|a xo
|c SK
|
| 072 |
|
7 |
|a 821.133.1-3
|x Francúzska próza, francúzsky písaná
|2 konspekt
|
| 080 |
|
|
|a 343.1
|2 2011
|
| 080 |
|
|
|a 355.092-055.1
|2 2011
|
| 080 |
|
|
|a (44)
|2 2011
|
| 080 |
|
|
|a 323.12(=411.16)
|2 2011
|
| 080 |
|
|
|a 821.133.1-3
|2 2011
|
| 080 |
|
|
|a (046)
|2 2011
|
| 100 |
1 |
|
|a Zola, Émile,
|d 1840-1902
|4 aut
|9 107807
|
| 240 |
1 |
0 |
|a J'accuse-!
|l Slovensky
|
| 245 |
1 |
0 |
|a Žalujem-!
|c Émile Zola ; z francúzskych originálov dobovej tlače texty preložili Marek Kurta a Martina Frimmová
|
| 250 |
|
|
|a Prvé vydanie
|
| 264 |
|
1 |
|a Bratislava
|b Vydavateľstvo Spolku slovenských spisovateľov
|c 2024
|
| 300 |
|
|
|a 95 strán
|c 18 cm
|
| 336 |
|
|
|a text
|b txt
|2 rdacontent
|
| 337 |
|
|
|a bez média
|b n
|2 rdamedia
|
| 338 |
|
|
|a zväzok
|b nc
|2 rdacarrier
|
| 504 |
|
|
|a Obsahuje bibliografické odkazy
|
| 600 |
1 |
7 |
|a Dreyfus, Alfred,
|d 1859-1935
|2 SNKMA
|9 625094
|
| 648 |
|
7 |
|a 19th century
|2 SNKPHeng
|9 306372
|
| 648 |
|
7 |
|a 19. storočie
|2 SNKPH
|9 277854
|
| 650 |
0 |
7 |
|a súdne procesy
|2 SNKPH
|9 29433
|
| 650 |
0 |
7 |
|a dôstojníci
|2 SNKPH
|9 59086
|
| 650 |
0 |
7 |
|a Trials
|2 SNKPHeng
|9 325787
|
| 650 |
0 |
7 |
|a Officers
|2 SNKPHeng
|9 354208
|
| 650 |
0 |
7 |
|a antisemitizmus
|2 SNKPH
|9 4246
|
| 650 |
0 |
7 |
|a Antisemitism
|2 SNKPHeng
|9 275559
|
| 650 |
0 |
7 |
|a Pamphlets
|2 SNKPHeng
|9 419325
|
| 650 |
0 |
7 |
|a pamflety
|2 SNKPH
|9 66458
|
| 650 |
0 |
7 |
|a Dreyfusova aféra, 1894-1899
|2 SNKPH
|9 625095
|
| 651 |
|
7 |
|a Francúzsko
|2 SNKPHgeo
|9 15907
|
| 651 |
|
7 |
|a France
|2 SNKPHeng
|9 162309
|
| 655 |
|
7 |
|a francúzske prózy
|2 SNKPH
|9 70603
|
| 655 |
|
7 |
|a French prose
|2 SNKPHeng
|9 288359
|
| 655 |
|
7 |
|a články
|2 SNKPH
|9 70601
|
| 655 |
|
7 |
|a Journal articles
|2 SNKPHeng
|9 279737
|
| 700 |
1 |
|
|a Renard, Jules,
|d 1864-1910
|4 aut
|9 162094
|
| 700 |
1 |
|
|a Péguy, Charles,
|d 1873-1914
|4 aut
|9 207712
|
| 700 |
1 |
|
|a Proust, Marcel,
|d 1871-1922
|4 aut
|9 201088
|
| 700 |
1 |
|
|a France, Anatole,
|d 1844-1924
|4 aut
|9 123031
|
| 700 |
1 |
|
|a Clemenceau, Georges,
|d 1841-1929
|4 aut
|9 431301
|
| 700 |
1 |
|
|a Kurta, Marek
|4 trl
|4 aui
|9 625096
|
| 700 |
1 |
|
|a Frimmová, Martina
|4 trl
|9 625097
|
| 700 |
1 |
|
|a Mirbeau, Octave,
|d 1848-1917
|4 aut
|9 206015
|
| 700 |
1 |
|
|a Kettani, Assia
|4 aut
|9 625098
|
| 852 |
|
|
|a Slovenská národná knižnica
|
| 919 |
|
|
|a 978-80-8202-251-6
|
| 954 |
|
|
|a beletria cudzojazyčná (svetová)
|2 lita
|
| 958 |
|
|
|a NB
|
| 958 |
|
|
|a UP
|
| 968 |
|
|
|b FR
|
| 999 |
|
|
|c 960249
|d 962179
|
| 952 |
|
|
|a SNK
|b SNK
|y PREZ
|7 0
|p 17A1553104
|o snkSD 92814
|i snk2024/15156
|8 0
|0 0
|1 0
|4 0
|d 2024-10-01
|l 0
|r 2026-02-24 10:16:51
|w 2026-02-24
|
| 952 |
|
|
|a SNK
|b SNK
|y VYP
|7 0
|p 17A1553103
|o snkSD 92814 D1
|i snk2024/15157
|8 0
|0 0
|1 0
|4 0
|d 2024-10-01
|l 0
|r 2026-02-24 10:16:51
|w 2026-02-24
|